| 000 | 00784nam a2200253 a 4500 | ||
|---|---|---|---|
| 001 | 59781 | ||
| 003 | BD-RjUL | ||
| 005 | 20211209080753.0 | ||
| 008 | 161227s1981 nyua b 001 0 eng | ||
| 020 | _a0442203691 | ||
| 035 | _a(BD-RjUL)59905 | ||
| 040 |
_aBD-RjUL _cBD-RjUL _dBD-RjUL _beng |
||
| 041 | _aeng | ||
| 082 | 0 | 0 |
_a346.73024 _223 _bAUC 1981 |
| 100 | 1 |
_aAuer, Joseph. _9177879 |
|
| 245 | 1 | 0 |
_aComputer contract negotiations / _cJoseph Auer, Charles Edison Harris. |
| 260 |
_aNew York : _bVan Nostrand Reinhold, _cc1981. |
||
| 300 |
_aix, 390 p. : _bill. ; _c26 cm. |
||
| 500 | _aIncludes index. | ||
| 504 | _aBibliography: p. 383. | ||
| 650 | 0 |
_aComputer contracts _zUnited States. _9176796 |
|
| 700 | 1 |
_aHarris, Charles Edison, _ejoint author. _9177880 |
|
| 942 |
_2ddc _cBK |
||
| 999 |
_c59781 _d59781 |
||